[Event "HUN-chT U18"]
[Site "Budapest"]
[Date "2022.11.01"]
[Round "3.4"]
[White "Bodo, Boglarka"]
[Black "Nagy, Adam1111"]
[Result "1-0"]
[WhiteElo "1727"]
[BlackElo "1490"]
[PlyCount "119"]
[EventDate "2022.10.31"]
[EventType "team-swiss"]
[EventRounds "7"]
[EventCountry "HUN"]
[SourceTitle "CBM 211 Extra"]
[Source "ChessBase"]
[SourceDate "2023.01.31"]
[SourceVersion "1"]
[SourceVersionDate "2023.01.31"]
[SourceQuality "1"]
[WhiteTeam "Tapolca VSE"]
[BlackTeam "Tuxera Aquaprofit NSK"]
[WhiteTeamCountry "HUN"]
[BlackTeamCountry "HUN"]

1. e4 e5 2. Nf3 Nc6 3. Bc4 Bc5 4. c3 Nf6 5. d3 d6 6. a4 a5 7. 0-0 Be6 8. Nbd2 0-0 9. Bb3 Qd7 10. Nc4 h6 11. d4 Bxc4 12. Bxc4 Bb6 13. Re1 exd4 14. cxd4 Nxe4 15. Rxe4 d5 16. Ne5 Qd6 17. Rg4 dxc4 18. Nxc4 Qf6 19. Nxb6 cxb6 20. Qd2 Rfe8 21. h3 Rad8 22. d5 Nb4 23. Kh2 Kh8 24. Ra3 Rxd5 25. Qc3 Rf5 26. Qxf6 Rxf6 27. Rag3 Rg8 28. b3 Kh7 29. Be3 Nd5 30. Rd4 Nxe3 31. fxe3 Rc8 32. Rd7 Rc3 33. e4 Rxg3 34. Kxg3 Kg6 35. Rxb7 Rc6 36. Kf4 Kf6 37. e5+ Ke6 38. h4 g6 39. Ke4 g5 40. hxg5 hxg5 41. g4 f6 42. exf6 Kxf6 43. Kd5 Re6 44. Rh7 Re3 45. Rh6+ Ke7 46. Rxb6 Rg3 47. Ke5 Rxg4 48. Rb7+ Kd8 49. Kf6 Rg3 50. Rb5 g4 51. Kf5 Kc7 52. Kf4 Rg1 53. Rxa5 g3 54. Rb5 Kc6 55. Kf3 Kc7 56. a5 Ra1 57. Kxg3 Ra3 58. Kf4 Kc6 59. Rb6+ Kc7 60. b4 1-0

[Event "HUN-chT U18"]
[Site "Budapest"]
[Date "2021.10.27"]
[Round "7.29"]
[White "Toth, Rafael"]
[Black "Bodo, Boglarka"]
[Result "1/2-1/2"]
[WhiteElo "1588"]
[BlackElo "1740"]
[PlyCount "86"]
[EventDate "2021.10.24"]
[EventType "team-tourn"]
[EventRounds "7"]
[EventCountry "HUN"]
[SourceTitle "CBM 205 Extra"]
[Source "ChessBase"]
[SourceDate "2022.01.31"]
[SourceVersion "1"]
[SourceVersionDate "2022.01.31"]
[SourceQuality "1"]

1. e4 e5 2. Nf3 Nf6 3. Nxe5 d6 4. Nf3 Nxe4 5. d4 d5 6. Bd3 Be7 7. 0-0 0-0 8. Re1 f5 9. c4 c6 10. Nc3 Bb4 11. Qc2 Be6 12. c5 Qc7 13. Bd2 Bxc3 14. Bxc3 Nd7 15. Nd2 Rae8 16. Re2 Ndf6 17. Rae1 Qd7 18. f3 Nxc3 19. Qxc3 Nh5 20. Re5 Nf4 21. Bc2 Ng6 22. R5e2 Qf7 23. Nb3 Nf4 24. Re5 Bd7 25. Na5 Rxe5 26. Rxe5 Bc8 27. Qe1 Ng6 28. Re2 Qf6 29. Nb3 Qg5 30. Qg3 Qxg3 31. hxg3 Kf7 32. Kf2 Re8 33. Rxe8 Kxe8 34. Ke3 Kf7 35. Nc1 Kf6 36. Ne2 Bd7 37. Nf4 Nxf4 38. Kxf4 g5+ 39. Ke3 h5 40. Bd1 Bc8 41. Be2 Bd7 42. Bd1 Be6 43. Be2 Bd7 1/2-1/2

[Event "HUN-chT U18"]
[Site "Budapest"]
[Date "2021.10.25"]
[Round "2.22"]
[White "Bodo, Boglarka"]
[Black "Giang, Tran Nam"]
[Result "0-1"]
[WhiteElo "1740"]
[BlackElo "1849"]
[PlyCount "102"]
[EventDate "2021.10.24"]
[EventType "team-tourn"]
[EventRounds "7"]
[EventCountry "HUN"]
[SourceTitle "CBM 205 Extra"]
[Source "ChessBase"]
[SourceDate "2022.01.31"]
[SourceVersion "1"]
[SourceVersionDate "2022.01.31"]
[SourceQuality "1"]

1. e4 c5 2. Nf3 e6 3. c3 Nf6 4. e5 Nd5 5. d4 cxd4 6. cxd4 d6 7. Bc4 Nb6 8. Qe2 Nxc4 9. Qxc4 Nc6 10. 0-0 Be7 11. Nc3 d5 12. Qe2 0-0 13. Rd1 b6 14. b3 Bb7 15. Bb2 Rc8 16. Rac1 Qd7 17. h3 Rc7 18. Qe3 Ba6 19. Na4 Rfc8 20. Bc3 Ba3 21. Bb2 Bxb2 22. Nxb2 Nb4 23. a4 Rc2 24. Rxc2 Rxc2 25. Rd2 Qc7 26. Nd1 Rc1 27. Kh2 h6 28. g3 b5 29. axb5 Bxb5 30. h4 a5 31. Ng1 Nc2 32. Qc3 Qxc3 33. Nxc3 Nxd4 34. Nxb5 Nxb5 35. Ra2 Nd4 36. Rxa5 Nxb3 37. Ra8+ Kh7 38. Ra7 d4 39. Rd7 Rc3 40. Kg2 d3 41. Nf3 Kg6 42. g4 h5 43. g5 f6 44. exf6 gxf6 45. gxf6 Kxf6 46. Nd4 Nxd4 47. Rxd4 Ke5 48. Rd7 Ke4 49. Rd6 e5 50. Rd7 Rc4 51. Kf1 Rd4 0-1

[Event "HUN-ch U16"]
[Site "Eger"]
[Date "2021.08.27"]
[Round "7"]
[White "Bodo, Boglarka"]
[Black "Sulyok, Eszter"]
[Result "0-1"]
[WhiteElo "1750"]
[BlackElo "1986"]
[PlyCount "94"]
[EventDate "2021.08.20"]
[EventType "swiss"]
[EventRounds "7"]
[EventCountry "HUN"]
[SourceTitle "EXT 2022"]
[Source "ChessBase"]
[SourceDate "2021.10.06"]
[SourceVersion "1"]
[SourceVersionDate "2021.10.06"]
[SourceQuality "1"]

1. e4 c5 2. Nf3 e6 3. c3 d5 4. exd5 Qxd5 5. d4 Nf6 6. Na3 cxd4 7. Nb5 Na6 8. Qxd4 Bc5 9. Qxd5 Nxd5 10. Bc4 Nb6 11. Bb3 Bd7 12. Nbd4 Bxd4 13. Nxd4 Nc5 14. 0-0 0-0 15. Rd1 e5 16. Nf3 Nxb3 17. axb3 Bg4 18. Re1 Bxf3 19. gxf3 Nd7 20. Be3 a6 21. Rad1 Rfd8 22. Rd5 Kf8 23. Red1 Ke8 24. f4 exf4 25. Bxf4 Nf8 26. Rxd8+ Rxd8 27. Rxd8+ Kxd8 28. Be5 f6 29. Bd4 Ne6 30. Be3 Kd7 31. Kf1 Kd6 32. Ke2 g5 33. Kd3 f5 34. Bd4 Nxd4 35. Kxd4 h5 36. c4 a5 37. c5+ Ke6 38. Kc4 h4 39. Kb5 Kd5 40. Kxa5 Kxc5 41. b4+ Kc6 42. b5+ Kc7 43. Kb4 g4 44. Kc4 f4 45. Kd4 g3 46. fxg3 fxg3 47. hxg3 h3 0-1

[Event "HUN-chT U18"]
[Site "Budapest"]
[Date "2019.10.27"]
[Round "3.6"]
[White "Bodo, Boglarka"]
[Black "Matyassy, Lazar"]
[Result "1/2-1/2"]
[WhiteElo "1618"]
[BlackElo "1652"]
[PlyCount "69"]
[EventDate "2019.10.26"]
[EventType "team-swiss"]
[EventRounds "7"]
[EventCountry "HUN"]
[SourceTitle "CBM 192 Extra"]
[Source "Chessbase"]
[SourceDate "2019.11.06"]
[SourceVersion "1"]
[SourceVersionDate "2019.11.06"]
[SourceQuality "1"]
[WhiteTeam "Tapolca VSE"]
[BlackTeam "Budapest MTK"]
[WhiteTeamCountry "HUN"]
[BlackTeamCountry "HUN"]

1. e4 c5 2. Nf3 e6 3. c3 d5 4. exd5 Qxd5 5. d4 Nf6 6. Na3 Nc6 7. Be3 cxd4 8. Nb5 Qd7 9. Nbxd4 Be7 10. Bc4 0-0 11. 0-0 Nd5 12. Nf5 Nxe3 13. Nxe3 Qc7 14. Bd3 h6 15. Qe2 b6 16. Nc2 Bf6 17. Qe4 g6 18. Qe3 Kg7 19. Ncd4 Nxd4 20. Nxd4 Bxd4 21. Qxd4+ e5 22. Qe3 Bb7 23. Rfe1 Rfe8 24. Be4 Bxe4 25. Qxe4 Qc5 26. Rad1 Rad8 27. g3 Rxd1 28. Rxd1 Qe7 29. Qd5 e4 30. Qd7 Kf6 31. Rd6+ Kg7 32. Rd1 Kf6 33. Rd6+ Kg7 34. Rd1 Kf6 35. Rd6+ 1/2-1/2

[Event "EU Union-ch U14 17th"]
[Site "Mureck"]
[Date "2019.08.07"]
[Round "8"]
[White "Bodo, Boglarka"]
[Black "Gemelli, Romain"]
[Result "1/2-1/2"]
[WhiteElo "1623"]
[BlackElo "1768"]
[PlyCount "108"]
[EventDate "2019.07.31"]
[EventType "swiss"]
[EventRounds "9"]
[EventCountry "AUT"]
[SourceTitle "EXT 2020"]
[Source "ChessBase"]
[SourceDate "2019.10.17"]
[SourceVersion "1"]
[SourceVersionDate "2019.10.17"]
[SourceQuality "1"]

1. e4 c5 2. Nf3 Nc6 3. Bb5 d6 4. 0-0 Bd7 5. Re1 Nf6 6. c3 a6 7. Bf1 Bg4 8. h3 Bxf3 9. Qxf3 g6 10. Qd1 Bg7 11. d3 0-0 12. Na3 b5 13. Kh1 Nd7 14. Nc2 Rc8 15. d4 cxd4 16. cxd4 Qc7 17. Be3 Qb7 18. f3 Na5 19. b3 Rc7 20. Nb4 Nb6 21. Rc1 Rfc8 22. Qd2 Nc6 23. Nxc6 Rxc6 24. d5 Rc3 25. Red1 Nd7 26. Rxc3 Bxc3 27. Qf2 Bg7 28. Qd2 Kf8 29. Rc1 Ke8 30. Rxc8+ Qxc8 31. Qc1 Qxc1 32. Bxc1 Bd4 33. g4 Kd8 34. Bd2 Kc7 35. Ba5+ Bb6 36. Bc3 Nc5 37. Bd4 Nb7 38. Bc3 Be3 39. b4 Kb6 40. Kg2 a5 41. bxa5+ Nxa5 42. Bxa5+ Kxa5 43. Kg3 g5 44. Kg2 Ka4 45. Kg3 b4 46. Bc4 Ka3 47. h4 h6 48. h5 Kb2 49. Kg2 Kc2 50. Kg3 Kd2 51. Kg2 Ke1 52. Bb5 Kd2 53. Bc4 Ke1 54. Bb5 Kd1 1/2-1/2

[Event "EU Union-ch U14 17th"]
[Site "Mureck"]
[Date "2019.08.02"]
[Round "3"]
[White "Nazarov, Vladislav"]
[Black "Bodo, Boglarka"]
[Result "1-0"]
[WhiteElo "1494"]
[BlackElo "1623"]
[PlyCount "57"]
[EventDate "2019.07.31"]
[EventType "swiss"]
[EventRounds "9"]
[EventCountry "AUT"]
[SourceTitle "EXT 2020"]
[Source "ChessBase"]
[SourceDate "2019.10.17"]
[SourceVersion "1"]
[SourceVersionDate "2019.10.17"]
[SourceQuality "1"]

1. c4 Nf6 2. Nc3 e6 3. d4 Bb4 4. Nf3 b6 5. a3 Bxc3+ 6. bxc3 Ne4 7. Qc2 Bb7 8. e3 0-0 9. Bd3 f5 10. h4 d6 11. Bb2 Nd7 12. 0-0-0 c5 13. Qe2 Ndf6 14. Ng5 Qe7 15. Rh3 h6 16. Nxe4 Bxe4 17. Bxe4 Nxe4 18. f3 Nf6 19. Rg1 Rac8 20. Rh2 Qc7 21. d5 e5 22. g4 fxg4 23. fxg4 Ne4 24. Qc2 Nf6 25. g5 hxg5 26. hxg5 Ne8 27. Qg6 Rf7 28. Rgh1 Kf8 29. Rh8+ 1-0

[Event "HUN-ch U14 Girls"]
[Site "Balatonlelle"]
[Date "2019.06.28"]
[Round "7"]
[White "Bodo, Boglarka"]
[Black "Sulyok, Eszter"]
[Result "0-1"]
[WhiteElo "1646"]
[BlackElo "1840"]
[PlyCount "118"]
[EventDate "2019.06.22"]
[EventType "swiss"]
[EventRounds "7"]
[EventCountry "HUN"]
[SourceTitle "CBM 191 Extra"]
[Source "ChessBase"]
[SourceDate "2019.09.30"]
[SourceVersion "1"]
[SourceVersionDate "2019.09.30"]
[SourceQuality "1"]

1. e4 c5 2. Nf3 e6 3. c3 d5 4. exd5 Qxd5 5. d4 Nf6 6. Be3 cxd4 7. cxd4 Nc6 8. Nc3 Qd6 9. Bd3 Be7 10. 0-0 0-0 11. Bc2 Rd8 12. Qe2 a6 13. Rfd1 b5 14. Rac1 Bb7 15. a3 Rac8 16. Ng5 Qb8 17. Nce4 h6 18. Nxf6+ Bxf6 19. Nf3 Ne7 20. Ne1 Rd7 21. Qg4 Kh8 22. Qh5 Ng8 23. Nd3 Bxd4 24. Ne5 Bxe5 25. Rxd7 Nf6 26. Qxf7 Nxd7 27. Qxd7 Bxb2 28. Qd3 Kg8 29. Rd1 Bf6 30. Qh7+ Kf8 31. Bb3 Bd5 32. Bxd5 exd5 33. Rxd5 Rd8 34. f3 Qc7 35. Rxd8+ Qxd8 36. Qh8+ Ke7 37. Qxd8+ Kxd8 38. Bc5 Kc7 39. Kf2 Kc6 40. Bf8 Kd5 41. g4 a5 42. f4 Bd4+ 43. Ke2 Ke4 44. Bd6 g6 45. h3 Bc3 46. f5 gxf5 47. Bf8 f4 48. Bxh6 f3+ 49. Kf1 b4 50. axb4 axb4 51. Bc1 b3 52. g5 b2 53. Bxb2 Bxb2 54. h4 Kf4 55. Kf2 Kg4 56. g6 Bd4+ 57. Kf1 Kxh4 58. Ke1 Kg3 59. Kf1 f2 0-1

[Event "HUN-ch U14 Girls"]
[Site "Balatonlelle"]
[Date "2019.06.26"]
[Round "5"]
[White "Kovacsi, Sara Kata"]
[Black "Bodo, Boglarka"]
[Result "1/2-1/2"]
[WhiteElo "1570"]
[BlackElo "1646"]
[PlyCount "89"]
[EventDate "2019.06.22"]
[EventType "swiss"]
[EventRounds "7"]
[EventCountry "HUN"]
[SourceTitle "CBM 191 Extra"]
[Source "ChessBase"]
[SourceDate "2019.09.30"]
[SourceVersion "1"]
[SourceVersionDate "2019.09.30"]
[SourceQuality "1"]

1. c4 e6 2. Nf3 Nf6 3. g3 b6 4. Bg2 Bb7 5. 0-0 Be7 6. d4 0-0 7. Nc3 Ne4 8. Qc2 Nxc3 9. bxc3 f5 10. h4 Be4 11. Qb3 Nc6 12. Ng5 Na5 13. Qa4 Bxg2 14. Kxg2 h6 15. Nf3 Bf6 16. c5 Nc6 17. Qc4 Na5 18. Qa4 c6 19. Bf4 b5 20. Qc2 Nc4 21. Rad1 Qa5 22. Ne5 Bxe5 23. Bxe5 Qa3 24. Qb3 Qxb3 25. axb3 Na5 26. Rb1 Nb7 27. Rb2 d6 28. cxd6 Rfd8 29. Ra1 Nxd6 30. Bxd6 Rxd6 31. Rba2 Rd7 32. Ra6 Rc7 33. b4 Kf7 34. Kf3 Ke7 35. Ke3 Kd6 36. Kd3 g5 37. hxg5 hxg5 38. c4 Rb7 39. cxb5 Rxb5 40. Kc4 Rab8 41. R1a4 Rh8 42. e3 Rh2 43. Ra2 Rh1 44. Rc2 Rb1 45. Ra4 1/2-1/2

[Event "HUN-ch U14 Girls"]
[Site "Balatonlelle"]
[Date "2019.06.25"]
[Round "4"]
[White "Bodo, Boglarka"]
[Black "Buri, Kata"]
[Result "1/2-1/2"]
[WhiteElo "1646"]
[BlackElo "1393"]
[PlyCount "74"]
[EventDate "2019.06.22"]
[EventType "swiss"]
[EventRounds "7"]
[EventCountry "HUN"]
[SourceTitle "CBM 191 Extra"]
[Source "ChessBase"]
[SourceDate "2019.09.30"]
[SourceVersion "1"]
[SourceVersionDate "2019.09.30"]
[SourceQuality "1"]

1. e4 c5 2. Nf3 Nc6 3. Bb5 e6 4. 0-0 Nge7 5. c3 a6 6. Ba4 b5 7. Bc2 Bb7 8. d4 cxd4 9. cxd4 Nb4 10. a3 Nxc2 11. Qxc2 Rc8 12. Qe2 Ng6 13. Nc3 Be7 14. Rd1 0-0 15. Be3 d6 16. Rac1 f5 17. d5 fxe4 18. Nd4 Qd7 19. Nxe6 Rf7 20. Qh5 Ne5 21. Nxe4 Rxc1 22. Bxc1 Bxd5 23. N6g5 Bxg5 24. Nxg5 Qf5 25. f4 Qc2 26. Rxd5 Qxc1+ 27. Rd1 Qc5+ 28. Kh1 g6 29. Qh3 Qc2 30. Rf1 Qe2 31. g3 Ng4 32. Nxf7 Nf2+ 33. Rxf2 Qxf2 34. Ng5 Qe1+ 35. Kg2 Qe2+ 36. Kg1 Qe3+ 37. Kg2 Qe2+ 1/2-1/2

[Event "HUN-chT2 Szechenyi 1819"]
[Site "Hungary"]
[Date "2019.02.10"]
[Round "5.10"]
[White "Bodo, Boglarka"]
[Black "Havasi, Jozsef"]
[Result "1-0"]
[WhiteElo "1590"]
[BlackElo "1676"]
[PlyCount "115"]
[EventDate "2018.10.28"]
[EventType "team-tourn"]
[EventRounds "9"]
[EventCountry "HUN"]
[SourceTitle "EXT 2021"]
[Source "ChessBase"]
[SourceDate "2020.10.23"]
[SourceVersion "1"]
[SourceVersionDate "2020.10.23"]
[SourceQuality "1"]
[WhiteTeam "Tapolca VSE II"]
[BlackTeam "Sarvar"]
[WhiteTeamCountry "HUN"]
[BlackTeamCountry "HUN"]

1. e4 e5 2. Nf3 Nc6 3. Bc4 Nf6 4. d3 h6 5. h3 Bc5 6. c3 a5 7. a4 Qe7 8. Nbd2 0-0 9. 0-0 d6 10. Ba2 g5 11. Nc4 Be6 12. d4 Bxc4 13. Bxc4 exd4 14. cxd4 Bb6 15. Re1 Rfe8 16. e5 dxe5 17. dxe5 Nh7 18. Qc2 Nf8 19. Qf5 Nd4 20. Qe4 Nxf3+ 21. Qxf3 c6 22. Re4 Rad8 23. Qh5 Kg7 24. h4 Ne6 25. hxg5 hxg5 26. Bxe6 Qxe6 27. Bxg5 Rh8 28. Bf6+ Qxf6 29. exf6+ Kxf6 30. Qf3+ Kg7 31. Rae1 Rh6 32. Qc3+ Kh7 33. Re8 Rd4 34. Qg3 Rg6 35. Qh3+ Rh6 36. Qf5+ Kg7 37. R8e7 Rf6 38. Qc2 Rd5 39. R1e2 Rc5 40. Qd1 Rcf5 41. Qc2 Rc5 42. Qd1 Rd5 43. Qb3 Bc5 44. Rxb7 Rg5 45. Qc2 Bd4 46. Rb3 Rc5 47. Rg3+ Rg6 48. Rxg6+ fxg6 49. Qe4 Bf6 50. Qe8 Rc1+ 51. Re1 Rc2 52. Qd7+ Kh6 53. Qh3+ Kg7 54. Rd1 Bxb2 55. Rd7+ Kf6 56. Qf3+ Kg5 57. Qe3+ Kf6 58. Qf4+ 1-0

[Event "HUN-chT2 Szechenyi 1819"]
[Site "Hungary"]
[Date "2018.10.28"]
[Round "1.8"]
[White "Kiss, Judit"]
[Black "Bodo, Boglarka"]
[Result "1-0"]
[WhiteElo "1989"]
[BlackElo "1590"]
[PlyCount "89"]
[EventDate "2018.10.28"]
[EventType "team-tourn"]
[EventRounds "9"]
[EventCountry "HUN"]
[SourceTitle "EXT 2021"]
[Source "ChessBase"]
[SourceDate "2020.10.23"]
[SourceVersion "1"]
[SourceVersionDate "2020.10.23"]
[SourceQuality "1"]
[WhiteTeam "Keszthely Spartacus"]
[BlackTeam "Tapolca VSE II"]
[WhiteTeamCountry "HUN"]
[BlackTeamCountry "HUN"]

1. e4 e5 2. Bc4 Nf6 3. Nc3 Bb4 4. Nge2 Nc6 5. a3 Bxc3 6. Nxc3 d6 7. d3 0-0 8. Bg5 h6 9. Bh4 Be6 10. Nd5 Bxd5 11. exd5 Nd4 12. g4 g5 13. Bg3 c6 14. c3 cxd5 15. cxd4 dxc4 16. dxc4 Re8 17. 0-0 exd4 18. f3 Qc7 19. Qxd4 Qc5 20. Rad1 Qxd4+ 21. Rxd4 d5 22. cxd5 Re2 23. d6 Rd8 24. Rfd1 Nd7 25. b4 Re3 26. R4d3 Rxd3 27. Rxd3 Nb6 28. Rd4 f6 29. f4 Kf7 30. f5 Rd7 31. b5 Kf8 32. a4 Kf7 33. a5 Nc8 34. Kf2 Kf8 35. Kf3 Ke8 36. Ke4 Kf8 37. Kd5 Kf7 38. Re4 Rd8 39. Kc5 Rd7 40. Rd4 Ke8 41. Re4+ Kf7 42. a6 bxa6 43. Kc6 Nb6 44. bxa6 Rd8 45. Re7+ 1-0

[Event "HUN-chT U18 2nd"]
[Site "Zalakaros"]
[Date "2018.07.28"]
[Round "6.34"]
[White "Kovacs, Kristof"]
[Black "Bodo, Boglarka"]
[Result "0-1"]
[WhiteElo "1351"]
[BlackElo "1471"]
[PlyCount "64"]
[EventDate "2018.07.26"]
[EventType "team-swiss"]
[EventRounds "7"]
[EventCountry "HUN"]
[SourceTitle "EXT 2019"]
[Source "ChessBase"]
[SourceDate "2018.10.10"]
[SourceVersion "1"]
[SourceVersionDate "2018.10.10"]
[SourceQuality "1"]

1. e4 e5 2. Nf3 Nf6 3. Nxe5 d6 4. Nf3 Nxe4 5. Nc3 Nxc3 6. dxc3 Be7 7. Be3 Be6 8. Qd2 a6 9. 0-0-0 Nc6 10. Bd3 Qd7 11. h3 0-0-0 12. g4 h6 13. Nd4 Ne5 14. f4 Nc4 15. Qe2 Nxe3 16. Qxe3 Kb8 17. Kb1 Rhe8 18. c4 Bf6 19. Qf2 Qa4 20. b3 Qb4 21. Ne2 d5 22. c5 c6 23. Rc1 d4 24. Qg3 Bd5 25. Rhd1 Qxc5 26. g5 hxg5 27. fxg5+ Be5 28. Qf2 Be6 29. h4 Qa3 30. Ng1 Rd5 31. c3 dxc3 32. Ne2 Qb2# 0-1

[Event "HUN-chT U18 2nd"]
[Site "Zalakaros"]
[Date "2018.07.27"]
[Round "4.30"]
[White "Bodo, Boglarka"]
[Black "Szalay Ocsak, Bank"]
[Result "1-0"]
[WhiteElo "1471"]
[BlackElo "1639"]
[PlyCount "69"]
[EventDate "2018.07.26"]
[EventType "team-swiss"]
[EventRounds "7"]
[EventCountry "HUN"]
[SourceTitle "EXT 2019"]
[Source "ChessBase"]
[SourceDate "2018.10.10"]
[SourceVersion "1"]
[SourceVersionDate "2018.10.10"]
[SourceQuality "1"]

1. e4 c5 2. Nf3 Nc6 3. Bb5 e6 4. 0-0 Nge7 5. c3 a6 6. Ba4 b5 7. Bc2 Bb7 8. d4 d6 9. Be3 Ng6 10. Re1 Be7 11. Nbd2 0-0 12. Qe2 Qc7 13. c4 Rab8 14. Bb3 b4 15. Rac1 e5 16. d5 Nd4 17. Bxd4 exd4 18. e5 dxe5 19. Nxe5 Bd6 20. Nef3 Qd7 21. Ne4 Rfe8 22. Qd2 Rbc8 23. Qc2 Qc7 24. Ba4 Re7 25. Nxd6 Qxd6 26. Rxe7 Qxe7 27. Re1 Qd6 28. Qf5 h6 29. Ne5 Nxe5 30. Qxe5 Qxe5 31. Rxe5 Kf8 32. d6 f6 33. Re1 f5 34. d7 Rd8 35. Re8+ 1-0

[Event "HUN-chT U18 2nd"]
[Site "Zalakaros"]
[Date "2018.07.26"]
[Round "2.26"]
[White "Bodo, Boglarka"]
[Black "Gulacsi, Donat Ferenc"]
[Result "1-0"]
[WhiteElo "1471"]
[BlackElo "1610"]
[PlyCount "49"]
[EventDate "2018.07.26"]
[EventType "team-swiss"]
[EventRounds "7"]
[EventCountry "HUN"]
[SourceTitle "EXT 2019"]
[Source "ChessBase"]
[SourceDate "2018.10.10"]
[SourceVersion "1"]
[SourceVersionDate "2018.10.10"]
[SourceQuality "1"]

1. e4 c6 2. c4 d5 3. cxd5 cxd5 4. exd5 Nf6 5. Nc3 Nxd5 6. d4 e6 7. Nf3 b6 8. Bb5+ Bd7 9. Bxd7+ Qxd7 10. Ne5 Qb7 11. Qf3 Bb4 12. Bd2 Bxc3 13. bxc3 Qe7 14. c4 Nc7 15. Qg4 0-0 16. 0-0 Rd8 17. Bc3 Qa3 18. Rfc1 Nd7 19. Nc6 Nf6 20. Qg3 Rd6 21. Ne5 Ne4 22. Qf3 Nxc3 23. Rxc3 Qb2 24. Qxf7+ Kh8 25. Ng6+ 1-0

[Event "HUN-chT U10"]
[Site "Budapest"]
[Date "2015.08.30"]
[Round "8.11"]
[White "Palczert, Hajnalka"]
[Black "Bodo, Boglarka"]
[Result "1-0"]
[WhiteElo "1434"]
[BlackElo "1391"]
[PlyCount "59"]
[EventDate "2015.08.26"]
[EventType "team-swiss"]
[EventRounds "8"]
[EventCountry "HUN"]
[SourceTitle "EXT 2016"]
[Source "ChessBase"]
[SourceDate "2015.10.08"]
[SourceVersion "1"]
[SourceVersionDate "2015.10.08"]
[SourceQuality "1"]

1. e4 e5 2. Nc3 Nf6 3. f4 d5 4. fxe5 Nxe4 5. Qf3 Nxc3 6. dxc3 Be6 7. Bf4 c5 8. Nh3 h6 9. Bd2 Qc7 10. Qg3 Nd7 11. Bb5 0-0-0 12. Bxd7+ Rxd7 13. 0-0 Qb6 14. b3 g5 15. Kh1 Bg7 16. a4 Re8 17. Rae1 Qc7 18. a5 Bxh3 19. Qxh3 Rxe5 20. Rxe5 Qxe5 21. Re1 Qd6 22. Re8+ Kc7 23. Be1 Kc6 24. Bg3 g4 25. Qxg4 f5 26. Qxf5 Qf6 27. Re6+ Rd6 28. Rxd6+ Qxd6 29. Bxd6 Kxd6 30. Qg6+ 1-0

[Event "HUN-chT U10"]
[Site "Budapest"]
[Date "2015.08.27"]
[Round "3.11"]
[White "Bodo, Boglarka"]
[Black "Rahimkulov, Margarita"]
[Result "0-1"]
[WhiteElo "1391"]
[BlackElo "1284"]
[PlyCount "88"]
[EventDate "2015.08.26"]
[EventType "team-swiss"]
[EventRounds "8"]
[EventCountry "HUN"]
[SourceTitle "EXT 2016"]
[Source "ChessBase"]
[SourceDate "2015.10.08"]
[SourceVersion "1"]
[SourceVersionDate "2015.10.08"]
[SourceQuality "1"]

1. e4 e6 2. d4 d5 3. exd5 exd5 4. Nf3 Bd6 5. Bd3 Nc6 6. 0-0 Bg4 7. h3 Bh5 8. c3 Nge7 9. Be3 Qd7 10. Nbd2 0-0-0 11. Rc1 f6 12. c4 dxc4 13. Bxc4 g5 14. Qb3 Na5 15. Be6 Nxb3 16. Bxd7+ Rxd7 17. axb3 Kb8 18. Ra1 a6 19. Rfc1 h6 20. g4 Bg6 21. Nc4 Nd5 22. Nxd6 Rxd6 23. Nd2 Re8 24. Nc4 Rd7 25. Re1 Nb4 26. Rad1 Bc2 27. Rd2 Bxb3 28. Rc1 Na2 29. Rb1 Bxc4 30. b3 Nc3 31. Rc1 Ne4 32. Rb2 Bf7 33. Re2 Bxb3 34. Rb1 Nc3 35. Reb2 Nxb1 36. Rxb3 Nd2 37. Bxd2 Rxd4 38. Bc3 Rd3 39. Ra3 Rxh3 40. Kg2 Rd3 41. Kg1 a5 42. Kg2 Kc8 43. Kh2 b5 44. Rxa5 Rxc3 0-1